| 000 | 00477 a2200109 4500 | ||
|---|---|---|---|
| 005 | 20260327153522.0 | ||
| 100 |
_aSāptāhika Vivēk _9217341 |
||
| 245 | _aआधुनिक महाराष्ट्राची जडणघडण शिल्पकार चरित्रकोश खंड १0 : समाजकारण,राजकारण, पत्रकारिता | ||
| 250 | _a1st | ||
| 260 |
_bSaptahik Vivek Hindusthan Prakashan Samstha _c2023 |
||
| 942 | _cAR | ||
| 999 |
_c370798 _d370798 |
||